| 000 | 00616cam a2200193 4500 | ||
|---|---|---|---|
| 008 | 020919n2000 000 0 eng u | ||
| 020 | _a0953982807 | ||
| 035 | _a(Sirsi) u119753 | ||
| 041 | _aeng. | ||
| 050 | _a920 | ||
| 100 | _aSmallwood, J. | ||
| 245 | 2 | _aA surveyor's lot | |
| 260 |
_aBradford _bNorth Publishing _c2000 |
||
| 300 |
_a118p. _c22cm. |
||
| 520 | _aJohn Smallwood tells the story of his professional life with Dacre, Son & Hartley, a well established firm of surveyors, estate agents and auctioneers in West Yorkshire. | ||
| 650 | _aBIOGRAPHY | ||
| 650 | _aCHARTERED SURVEYOR | ||
| 942 | _n0 | ||
| 999 |
_c102380 _d102380 |
||